00580nam a2200169 i 450000100060000000300090000600500170001500700030003200800410003510000440007624500480012026000500016830000210021885200320023999900170027195201220028824464ES-MaACL20230906153043.0t|021217s1967 sp ||||1| spa d1 aApalategui Aguirre, Ascensión.92203313aEl programa / cpor Ascensión Apalategui. a[Zarauz : bs.n., c1967] (fImp. Icharopena) a75 p. ; c18 cm. aES-MaACLjC-33658 bR.64349 c24464d24464 00104070aATENEOMbATENEOMcDEPO2d2008-01-17eSCl0oC-33658p1025224r2023-02-23 00:00:00w2023-02-23yMONOGRAFIA